Nabi Hud a.s dan kaum Ad

Bibliographic Details
Main Author: Ziyad Naufal
Format: Book
Published: Selangor : Penerbit Prisma , 2006
Series:Siri kisah para utusan Allah
Subjects:

MARC

LEADER 00000cam a2200000 7i4500
001 0000007200
005 20151222.0
008 070828
020 |a 9838773220(set) 
020 |a 9838773255 
090 0 0 |a JF   |b REG MAL (7662) 
100 0 |a Ziyad Naufal 
245 1 0 |a Nabi Hud a.s dan kaum Ad   |c Ziyad Naufal 
260 |a Selangor :   |b Penerbit Prisma ,   |c 2006 
440 |a Siri kisah para utusan Allah 
500 |a Children ages 7-9 years old (orange) 
650 0 |a Malay language   |x Readers   |x Islamic stories 
999 |a 0000988845   |b Book   |c Children Collection   |e Cawangan Kota Tinggi 
999 |a 0000988847   |b Book   |c Children Collection   |e Perbadanan Perpustakaan Awam Johor 
999 |a 0000988848   |b Book   |c Children Collection   |e Perbadanan Perpustakaan Awam Johor 
999 |a 0000988849   |b Book   |c Children Collection   |e Cawangan Bukit Gambir